[Event "2nd Sharjah Masters International Chess Championship"]
[Site "Sharjah Culture & Chess Club"]
[Date "2018.04.14"]
[Round "4"]
[Board "11"]
[White "Naiditsch, Arkadij"]
[Black "Narayanan.S.L, "]
[Result "1-0"]
[WhiteElo "2701"]
[BlackElo "2568"]
[PlyCount "0"]
[EventDate "2018.04.12"]
[EventRounds "9"]
[EventCountry "UAE"]

1. e4 {[%clk 1:30:57]} e5 {[%clk 1:30:49]} 2. Nf3 {[%clk 1:31:21]} Nc6
{[%clk 1:31:14]} 3. Bb5 {[%clk 1:31:44]} a6 {[%clk 1:31:29]} 4. Ba4
{[%clk 1:32:08]} Nf6 {[%clk 1:31:21]} 5. d3 {[%clk 1:32:30]} b5 {[%clk 1:31:30]}
6. Bb3 {[%clk 1:32:54]} Be7 {[%clk 1:30:18]} 7. a4 {[%clk 1:32:55]} b4
{[%clk 1:27:09]} 8. Nbd2 {[%clk 1:33:18]} O-O {[%clk 1:26:39]} 9. Nc4
{[%clk 1:33:43]} d6 {[%clk 1:24:54]} 10. h3 {[%clk 1:34:06]} h6 {[%clk 1:19:41]}
11. a5 {[%clk 1:30:47]} Be6 {[%clk 1:00:56]} 12. O-O {[%clk 1:29:37]} Na7
{[%clk 0:49:46]} 13. c3 {[%clk 1:21:48]} bxc3 {[%clk 0:49:24]} 14. bxc3
{[%clk 1:22:12]} Rb8 {[%clk 0:48:59]} 15. Be3 {[%clk 1:22:15]} c5
{[%clk 0:32:56]} 16. Nfd2 {[%clk 1:20:07]} Nb5 {[%clk 0:27:05]} 17. Qc2
{[%clk 1:20:21]} Nd7 {[%clk 0:27:17]} 18. Rfb1 {[%clk 1:17:02]} Bf6
{[%clk 0:25:59]} 19. Rb2 {[%clk 1:06:29]} Qc7 {[%clk 0:26:13]} 20. Rab1
{[%clk 1:02:25]} Rb7 {[%clk 0:25:21]} 21. Ba4 {[%clk 1:01:57]} Rfb8
{[%clk 0:25:41]} 22. Qc1 {[%clk 0:59:46]} h5 {[%clk 0:16:52]} 23. Nf1
{[%clk 0:56:35]} g6 {[%clk 0:10:31]} 24. Bd2 {[%clk 0:49:18]} d5 {[%clk 0:10:19]}
25. exd5 {[%clk 0:48:01]} Bxd5 {[%clk 0:10:31]} 26. Ng3 {[%clk 0:42:53]} Bxc4
{[%clk 0:10:20]} 27. dxc4 {[%clk 0:43:16]} Nd6 {[%clk 0:10:42]} 28. Rxb7
{[%clk 0:41:51]} Rxb7 {[%clk 0:10:01]} 29. Rxb7 {[%clk 0:42:15]} Qxb7
{[%clk 0:10:07]} 30. Bg5 {[%clk 0:42:14]} h4 {[%clk 0:09:08]} 31. Nh5
{[%clk 0:42:07]} Bxg5 {[%clk 0:04:04]} 32. Qxg5 {[%clk 0:42:29]} Ne4
{[%clk 0:02:56]} 33. Qd8+ {[%clk 0:32:59]} Nf8 {[%clk 0:03:20]} 34. Nf6+
{[%clk 0:33:10]} Nxf6 {[%clk 0:03:46]} 35. Qxf6 {[%clk 0:33:33]} Qb1+
{[%clk 0:04:02]} 36. Kh2 {[%clk 0:33:57]} Qe4 {[%clk 0:04:28]} 37. Bc6
{[%clk 0:31:45]} Qxc4 {[%clk 0:04:11]} 38. Qxe5 {[%clk 0:32:05]} Qa2
{[%clk 0:03:39]} 39. Qxc5 {[%clk 0:29:30]} Ne6 {[%clk 0:04:03]} 40. Bd5
{[%clk 0:28:45]} Qd2 {[%clk 0:03:45]} 41. Qd6 {[%clk 0:19:57]} Kh7
{[%clk 0:02:04]} 42. Qe5 {[%clk 0:20:03]} Nf4 {[%clk 0:01:04]} 43. Bf3
{[%clk 0:19:54]} Ne6 {[%clk 0:01:07]} 44. Qf6 {[%clk 0:18:19]} Qxf2
{[%clk 0:01:05]} 45. Qxf7+ {[%clk 0:18:43]} Ng7 {[%clk 0:01:30]} 46. Qc7
{[%clk 0:17:38]} Kh6 {[%clk 0:01:41]} 47. Bg4 {[%clk 0:15:53]} Qe3
{[%clk 0:01:15]} 48. c4 {[%clk 0:11:23]} Ne8 {[%clk 0:01:42]} 49. Qb8
{[%clk 0:10:59]} Nf6 {[%clk 0:02:09]} 50. Bf3 {[%clk 0:09:07]} Nd7
{[%clk 0:02:14]} 51. Qh8+ {[%clk 0:09:28]} Kg5 {[%clk 0:02:41]} 52. Qd8+
{[%clk 0:09:42]} Nf6 {[%clk 0:03:06]} 53. Qd6 {[%clk 0:08:50]} Nd7
{[%clk 0:02:35]} 54. Bb7 {[%clk 0:05:55]} Qc5 {[%clk 0:02:30]} 55. Qd2+
{[%clk 0:05:42]} Kf6 {[%clk 0:02:48]} 56. Qf4+ {[%clk 0:05:36]} Kg7
{[%clk 0:02:46]} 57. Bd5 {[%clk 0:04:26]} Qe7 {[%clk 0:03:06]} 58. Qc7
{[%clk 0:03:55]} Kf6 {[%clk 0:03:31]} 59. Qf4+ {[%clk 0:02:01]} Kg7
{[%clk 0:03:58]} 60. Qd4+ {[%clk 0:01:32]} Qf6 {[%clk 0:03:54]} 61. Qe3
{[%clk 0:01:21]} Qd6+ {[%clk 0:03:56]} 62. Kh1 {[%clk 0:01:36]} Nf6
{[%clk 0:01:39]} 63. Bf3 {[%clk 0:02:04]} Nd7 {[%clk 0:01:32]} 64. Qg5
{[%clk 0:00:58]} Qf6 {[%clk 0:01:31]} 65. Qd5 {[%clk 0:00:56]} Qe7
{[%clk 0:01:00]} 66. Qd4+ {[%clk 0:01:15]} Kh7 {[%clk 0:01:22]} 67. Kh2
{[%clk 0:00:37]} Nc5 {[%clk 0:01:46]} 68. Qf4 {[%clk 0:00:36]} Nd3
{[%clk 0:01:21]} 69. Qb8 {[%clk 0:00:46]} Ne5 {[%clk 0:01:37]} 70. Bd5
{[%clk 0:00:47]} Qf6 {[%clk 0:02:05]} 71. Qa7+ {[%clk 0:01:03]} Kh6
{[%clk 0:00:50]} 72. Qe3+ {[%clk 0:01:31]} Kg7 {[%clk 0:01:17]} 73. c5
{[%clk 0:01:45]} Qe7 {[%clk 0:00:52]} 74. Kh1 {[%clk 0:02:02]} Qf6
{[%clk 0:01:06]} 75. Kg1 {[%clk 0:02:15]} Kf8 {[%clk 0:00:55]} 76. Bb7
{[%clk 0:02:07]} Nc4 {[%clk 0:00:55]} 77. Qe4 {[%clk 0:01:30]} Nxa5
{[%clk 0:00:39]} 78. Bd5 {[%clk 0:01:57]} Qa1+ {[%clk

[Event "2nd Sharjah Masters International Chess Championship"]
[Site "Sharjah Culture & Chess Club"]
[Date "2018.04.14"]
[Round "4"]
[Board "17"]
[White "El Jawich, Amro"]
[Black "Erigaisi, Arjun"]
[Result "0-1"]
[WhiteElo "2254"]
[BlackElo "2481"]
[PlyCount "0"]
[EventDate "2018.04.12"]
[EventRounds "9"]
[EventCountry "UAE"]

1. e4 {[%clk 1:30:57]} c5 {[%clk 1:29:55]} 2. Nf3 {[%clk 1:31:09]} e6
{[%clk 1:30:17]} 3. d4 {[%clk 1:31:07]} cxd4 {[%clk 1:30:39]} 4. Nxd4
{[%clk 1:31:31]} a6 {[%clk 1:31:01]} 5. Nc3 Qc7 {[%clk 1:30:59]} 6. Be2
{[%clk 1:30:27]} Nf6 {[%clk 1:29:42]} 7. O-O {[%clk 1:28:32]} d6 {[%clk 1:29:04]}
8. Be3 {[%clk 1:26:45]} Nbd7 {[%clk 1:28:42]} 9. f4 {[%clk 0:57:52]} b5
{[%clk 1:24:50]} 10. f5 {[%clk 0:53:55]} e5 {[%clk 1:11:31]} 11. Ne6
{[%clk 0:51:42]} fxe6 {[%clk 1:11:43]} 12. fxe6 {[%clk 0:52:09]} Nb6
{[%clk 1:11:53]} 13. Bh5+ {[%clk 0:43:31]} Kd8 {[%clk 1:11:35]} 14. Bf7
{[%clk 0:37:25]} Bb7 {[%clk 1:09:42]} 15. Nd5 {[%clk 0:31:03]} Nbxd5
{[%clk 1:08:29]} 16. exd5 {[%clk 0:31:27]} Be7 {[%clk 1:05:42]} 17. c4
{[%clk 0:29:49]} bxc4 {[%clk 1:04:55]} 18. Rc1 {[%clk 0:27:37]} Nxd5
{[%clk 1:03:52]} 19. Bf2 {[%clk 0:25:51]} Nf4 {[%clk 1:00:06]} 20. Qa4
{[%clk 0:23:37]} Ne2+ {[%clk 0:59:33]} 21. Kh1 {[%clk 0:23:43]} Bxg2+
{[%clk 0:59:57]} 22. Kxg2 {[%clk 0:23:57]} Qb7+ {[%clk 1:00:22]} 23. Kh3
{[%clk 0:23:35]} Qf3+ {[%clk 1:00:45]} 24. Qd1 0-1

[Event "2nd Sharjah Masters International Chess Championship"]
[Site "Sharjah Culture & Chess Club"]
[Date "2018.04.14"]
[Round "4"]
[Board "24"]
[White "Sidhant, Mohapatra"]
[Black "Priyanka, Nutakki"]
[Result "1/2-1/2"]
[WhiteElo "2382"]
[BlackElo "1957"]
[PlyCount "0"]
[EventDate "2018.04.12"]
[EventRounds "9"]
[EventCountry "UAE"]

1. c4 {[%clk 1:30:25]} e5 {[%clk 1:30:43]} 2. g3 {[%clk 1:30:36]} Nf6
{[%clk 1:30:59]} 3. Bg2 {[%clk 1:30:03]} Nc6 {[%clk 1:31:18]} 4. Nc3
{[%clk 1:30:26]} Bb4 {[%clk 1:31:34]} 5. Nd5 {[%clk 1:30:26]} Bc5
{[%clk 1:31:46]} 6. e3 {[%clk 1:30:49]} O-O {[%clk 1:31:55]} 7. Ne2
{[%clk 1:31:09]} d6 {[%clk 1:32:07]} 8. O-O {[%clk 1:29:59]} Nxd5
{[%clk 1:32:07]} 9. cxd5 {[%clk 1:30:24]} Ne7 {[%clk 1:32:33]} 10. d4
{[%clk 1:29:47]} exd4 {[%clk 1:32:55]} 11. Nxd4 {[%clk 1:30:14]} Ng6
{[%clk 1:29:58]} 12. b3 {[%clk 1:26:35]} a5 {[%clk 1:28:28]} 13. a3
{[%clk 1:26:18]} Ne5 {[%clk 1:19:24]} 14. Bb2 {[%clk 1:20:34]} Bg4
{[%clk 1:16:02]} 15. f3 {[%clk 1:20:07]} Bd7 {[%clk 1:16:26]} 16. f4
{[%clk 1:15:03]} Ng4 {[%clk 1:13:58]} 17. Qd3 {[%clk 1:15:26]} Re8
{[%clk 1:03:15]} 18. Rae1 {[%clk 1:14:07]} Nf6 {[%clk 0:45:09]} 19. h3
{[%clk 1:11:12]} Rc8 {[%clk 0:31:49]} 20. Kh2 {[%clk 1:09:39]} c6
{[%clk 0:31:15]} 21. dxc6 {[%clk 1:09:21]} Bxc6 {[%clk 0:26:15]} 22. e4
{[%clk 1:02:47]} Bxd4 {[%clk 0:06:17]} 23. Bxd4 {[%clk 0:58:01]} Nd7
{[%clk 0:04:57]} 24. b4 {[%clk 0:54:17]} axb4 {[%clk 0:05:23]} 25. axb4
{[%clk 0:54:45]} Nc5 {[%clk 0:04:44]} 26. Qb1 {[%clk 0:53:43]} Ne6
{[%clk 0:04:56]} 27. Ba1 {[%clk 0:53:48]} Bb5 {[%clk 0:04:25]} 28. Rf2
{[%clk 0:54:10]} Qb6 {[%clk 0:04:37]} 29. Rd2 {[%clk 0:53:34]} Rc4
{[%clk 0:02:23]} 30. f5 {[%clk 0:53:13]} Nf8 {[%clk 0:01:54]} 31. Qd1
{[%clk 0:52:10]} d5 {[%clk 0:00:53]} 32. Rxd5 {[%clk 0:51:23]} Rxb4 33. Rd6
{[%clk 0:50:33]} Qc7 {[%clk 0:00:37]} 34. Qd2 {[%clk 0:47:06]} Ra4
{[%clk 0:00:37]} 35. Bxg7 {[%clk 0:36:59]} Kxg7 {[%clk 0:00:57]} 36. Qg5+
{[%clk 0:37:27]} Kh8 {[%clk 0:00:44]} 37. f6 {[%clk 0:37:39]} Ne6
{[%clk 0:00:42]} 38. Qxb5 {[%clk 0:38:03]} Rg8 {[%clk 0:00:37]} 39. Rd3
{[%clk 0:37:30]} Ra2 {[%clk 0:00:38]} 40. Qb3 {[%clk 0:35:07]} Rf2
{[%clk 0:00:36]} 41. Qc3 {[%clk 0:33:46]} Qxc3 42. Rxc3 {[%clk 0:34:09]} Nf4
{[%clk 0:01:06]} 43. Rg1 {[%clk 0:34:13]} Nxg2 {[%clk 0:00:50]} 44. Rxg2
{[%clk 0:34:38]} Rxf6 {[%clk 0:01:19]} 45. Rb2 {[%clk 0:34:15]} Re8
{[%clk 0:01:15]} 46. Rc4 {[%clk 0:34:39]} Rfe6 {[%clk 0:00:35]} 47. Rxb7
{[%clk 0:34:51]} Rxe4 {[%clk 0:00:42]} 48. Rxe4 {[%clk 0:35:14]} Rxe4
{[%clk 0:01:11]} 49. Rxf7 {[%clk 0:35:42]} Re2+ {[%clk 0:01:41]} 50. Kg1
{[%clk 0:36:10]} Kg8 {[%clk 0:01:45]} 51. Rf2 {[%clk 0:36:39]} Re3
{[%clk 0:02:03]} 52. Kg2 {[%clk 0:37:08]} Kg7 {[%clk 0:02:28]} 53. Ra2
{[%clk 0:37:29]} Kg6 {[%clk 0:02:36]} 54. Ra6+ {[%clk 0:37:54]} Kg7
{[%clk 0:01:54]} 55. Kf2 {[%clk 0:38:13]} Rb3 {[%clk 0:02:18]} 56. Re6
{[%clk 0:38:37]} Ra3 {[%clk 0:01:04]} 57. Re3 {[%clk 0:39:05]} Ra4
{[%clk 0:01:30]} 58. Kf3 {[%clk 0:39:28]} Kf6 {[%clk 0:01:47]} 59. Re4
{[%clk 0:39:53]} Ra5 {[%clk 0:01:12]} 60. Kg4 {[%clk 0:40:17]} Rg5+
{[%clk 0:01:05]} 61. Kh4 {[%clk 0:40:37]} Ra5 {[%clk 0:01:12]} 62. Rb4
{[%clk 0:40:57]} Kg6 {[%clk 0:00:37]} 63. Rb6+ {[%clk 0:41:22]} Kg7
{[%clk 0:01:05]} 64. g4 {[%clk 0:41:44]} Rc5 {[%clk 0:00:51]} 65. g5
{[%clk 0:42:07]} Rc7 {[%clk 0:00:54]} 66. Kg4 {[%clk 0:42:26]} Ra7
{[%clk 0:00:46]} 67. h4 {[%clk 0:42:52]} Ra4+ {[%clk 0:01:08]} 68. Kh5
{[%clk 0:42:55]} Ra7 {[%clk 0:01:34]} 69. Rf6 {[%clk 0:43:12]} Ra4
{[%clk 0:01:57]} 70. Re6 {[%clk 0:43:37]} Ra7 {[%clk 0:02:02]} 71. Kg4
{[%clk 0:43:30]} Ra4+ {[%clk 0:02:31]} 72. Kg3 {[%clk 0:43:51]} Ra3+
{[%clk 0:02:09]} 73. Kf4 {[%clk 0:44:20]} Ra4+ {[%clk 0:02:38]} 74. Re4
{[%clk 0:44:42]} Rxe4+ {[%clk 0:02:46]} 75. Kxe4 {[%clk 0:45:08]} h6
{[%clk 0:03:02]} 76. Kf5 {[%clk 0:45:33]} hxg5 {[%clk 0:03:30]} 77. hxg5
{[%clk 0:45:59]} Kf7 {[%clk 0:03:57]} 78. Kf4 {[%clk 0:46:11]} Kg6
{[%clk 0:04:21]} 79. Kg4 {[%clk 0:46

[Event "2nd Sharjah Masters International Chess Championship"]
[Site "Sharjah Culture & Chess Club"]
[Date "2018.04.15"]
[Round "5"]
[Board "5"]
[White "Kovalev, Vladislav"]
[Black "Grandelius, Nils"]
[Result "1/2-1/2"]
[WhiteElo "2648"]
[BlackElo "2652"]
[PlyCount "0"]
[EventDate "2018.04.12"]
[EventRounds "9"]
[EventCountry "UAE"]

1. e4 {[%clk 1:30:52]} c5 {[%clk 1:30:45]} 2. Nf3 {[%clk 1:31:16]} d6
{[%clk 1:31:08]} 3. Bb5+ {[%clk 1:30:13]} Nd7 {[%clk 1:30:53]} 4. c3
{[%clk 1:29:11]} Ngf6 {[%clk 1:30:09]} 5. Qe2 {[%clk 1:29:38]} a6
{[%clk 1:30:05]} 6. Ba4 {[%clk 1:30:02]} b5 {[%clk 1:29:02]} 7. Bc2
{[%clk 1:30:28]} Bb7 {[%clk 1:29:24]} 8. d4 {[%clk 1:24:05]} e6 {[%clk 1:29:18]}
9. O-O {[%clk 1:23:17]} Be7 {[%clk 1:29:27]} 10. Nbd2 {[%clk 1:18:43]} O-O
{[%clk 1:27:01]} 11. e5 {[%clk 1:06:28]} Nd5 {[%clk 1:23:18]} 12. Ne4
{[%clk 1:05:32]} Qc7 {[%clk 1:07:26]} 13. exd6 {[%clk 0:47:37]} Bxd6
{[%clk 1:07:31]} 14. Nxd6 {[%clk 0:47:11]} Qxd6 {[%clk 1:07:35]} 15. dxc5
{[%clk 0:46:48]} Qxc5 {[%clk 0:55:54]} 16. Rd1 {[%clk 0:46:29]} N5f6
{[%clk 0:48:51]} 17. a4 {[%clk 0:42:37]} Rfc8 {[%clk 0:40:56]} 18. axb5
{[%clk 0:25:24]} axb5 {[%clk 0:41:09]} 19. Rxa8 {[%clk 0:25:43]} Bxa8
{[%clk 0:35:26]} 20. Be3 {[%clk 0:25:09]} Qh5 {[%clk 0:32:43]} 21. Bd3
{[%clk 0:21:55]} Bxf3 {[%clk 0:23:46]} 22. Qxf3 {[%clk 0:22:10]} Qxf3
{[%clk 0:24:01]} 23. gxf3 {[%clk 0:22:38]} Rb8 {[%clk 0:24:25]} 24. Bf4
{[%clk 0:22:08]} e5 {[%clk 0:23:56]} 25. Be3 {[%clk 0:21:05]} Kf8
{[%clk 0:21:16]} 26. Bf5 {[%clk 0:16:21]} Ke8 {[%clk 0:20:27]} 27. f4
{[%clk 0:16:08]} Rb7 {[%clk 0:18:39]} 28. Kf1 {[%clk 0:12:55]} exf4
{[%clk 0:14:41]} 29. Bxf4 {[%clk 0:13:05]} Nb6 {[%clk 0:14:23]} 30. Be5
{[%clk 0:09:14]} Nc4 {[%clk 0:13:41]} 31. Bxf6 {[%clk 0:07:00]} gxf6
{[%clk 0:14:10]} 32. b3 {[%clk 0:07:22]} Ne5 {[%clk 0:13:47]} 33. Bxh7
{[%clk 0:06:52]} Rc7 {[%clk 0:14:16]} 34. f4 {[%clk 0:03:08]} Ng6
{[%clk 0:13:07]} 35. Bxg6 {[%clk 0:03:04]} fxg6 {[%clk 0:13:36]} 36. Rd3
{[%clk 0:03:29]} Kf7 {[%clk 0:13:22]} 37. Kf2 {[%clk 0:03:14]} Ke6
{[%clk 0:13:46]} 38. Kf3 {[%clk 0:02:16]} Rh7 {[%clk 0:13:12]} 39. Kg3
{[%clk 0:02:34]} Rc7 {[%clk 0:12:52]} 40. Kg4 {[%clk 0:02:57]} Rc8
{[%clk 0:11:09]} 41. h4 {[%clk 0:02:20]} Rc5 {[%clk 0:11:09]} 42. Re3+
{[%clk 0:01:54]} Kf7 {[%clk 0:11:11]} 43. Rh3 {[%clk 0:01:38]} Kg7
{[%clk 0:06:55]} 44. h5 {[%clk 0:00:33]} gxh5+ {[%clk 0:06:39]} 45. Rxh5
{[%clk 0:01:02]} Rxc3 {[%clk 0:07:02]} 46. Rxb5 {[%clk 0:01:29]} Kg6
{[%clk 0:07:26]} 47. Rb8 {[%clk 0:00:57]} Rc1 {[%clk 0:06:52]} 48. Rg8+
{[%clk 0:01:07]} Kf7 {[%clk 0:06:54]} 49. Rh8 {[%clk 0:00:56]} Kg6
{[%clk 0:03:48]} 50. Rg8+ {[%clk 0:01:19]} Kh7 {[%clk 0:03:34]} 51. Rd8
{[%clk 0:01:14]} Kg6 {[%clk 0:03:59]} 52. f5+ {[%clk 0:00:42]} Kh6
{[%clk 0:03:44]} 53. Rh8+ {[%clk 0:00:33]} Kg7 {[%clk 0:04:12]} 54. Rh3
{[%clk 0:00:35]} Rd1 {[%clk 0:04:05]} 55. Rf3 {[%clk 0:00:41]} Kh6
{[%clk 0:03:52]} 56. Rh3+ {[%clk 0:01:11]} Kg7 {[%clk 0:04:17]} 57. Rf3
{[%clk 0:01:37]} Kh6 {[%clk 0:04:46]} 58. Rh3+ {[%clk 0:01:00]} 1/2-1/2

[Event "2nd Sharjah Masters International Chess Championship"]
[Site "Sharjah Culture & Chess Club"]
[Date "2018.04.15"]
[Round "5"]
[Board "23"]
[White "Priyanka, Nutakki"]
[Black "Petrosyan, Manuel"]
[Result "0-1"]
[WhiteElo "1957"]
[BlackElo "2560"]
[PlyCount "0"]
[EventDate "2018.04.12"]
[EventRounds "9"]
[EventCountry "UAE"]

1. e4 {[%clk 1:30:56]} e5 {[%clk 1:29:52]} 2. Nf3 {[%clk 1:31:17]} Nc6
{[%clk 1:30:17]} 3. Bc4 {[%clk 1:31:41]} Bc5 {[%clk 1:30:41]} 4. c3
{[%clk 1:32:00]} Nf6 {[%clk 1:31:05]} 5. d3 {[%clk 1:32:24]} d6 {[%clk 1:31:25]}
6. O-O {[%clk 1:32:42]} h6 {[%clk 1:31:50]} 7. a4 {[%clk 1:30:50]} a5
{[%clk 1:31:51]} 8. Re1 {[%clk 1:27:40]} O-O {[%clk 1:31:30]} 9. h3
{[%clk 1:27:58]} Be6 {[%clk 1:30:55]} 10. Nbd2 {[%clk 1:21:03]} Ba7
{[%clk 1:23:36]} 11. Bb5 {[%clk 1:10:19]} Ne7 {[%clk 1:22:07]} 12. d4
{[%clk 1:07:10]} c6 {[%clk 1:20:21]} 13. Bd3 {[%clk 1:04:51]} Ng6
{[%clk 1:18:32]} 14. Nf1 {[%clk 1:00:53]} Nh5 {[%clk 1:10:08]} 15. Bc2
{[%clk 0:47:57]} Nhf4 {[%clk 1:05:35]} 16. Bxf4 {[%clk 0:45:46]} Nxf4
{[%clk 1:00:32]} 17. dxe5 {[%clk 0:39:09]} Qb6 {[%clk 0:50:08]} 18. Qd2
{[%clk 0:25:11]} dxe5 {[%clk 0:50:03]} 19. Nxe5 {[%clk 0:25:28]} Ng6
{[%clk 0:49:37]} 20. Nd3 {[%clk 0:21:13]} Rad8 {[%clk 0:41:52]} 21. Qe3
{[%clk 0:17:35]} Qa6 {[%clk 0:41:26]} 22. Qg3 {[%clk 0:17:58]} Bc4
{[%clk 0:39:42]} 23. Rad1 {[%clk 0:16:50]} b5 {[%clk 0:28:49]} 24. b3
{[%clk 0:15:16]} Be6 {[%clk 0:29:15]} 25. Ne3 {[%clk 0:11:48]} Rfe8
{[%clk 0:29:00]} 26. Nf5 {[%clk 0:07:14]} bxa4 {[%clk 0:29:05]} 27. bxa4
{[%clk 0:07:30]} Bb8 {[%clk 0:29:31]} 28. Qf3 {[%clk 0:06:45]} Qc4
{[%clk 0:29:29]} 29. Rc1 {[%clk 0:03:11]} Qxc3 {[%clk 0:26:33]} 30. Bb1
{[%clk 0:03:27]} Qa3 {[%clk 0:26:43]} 31. Ne5 Qxf3 {[%clk 0:26:33]} 32. Nxf3
{[%clk 0:02:02]} Ne5 {[%clk 0:21:10]} 33. N5d4 {[%clk 0:01:33]} Nxf3+
{[%clk 0:19:44]} 34. Nxf3 {[%clk 0:02:01]} Bd6 {[%clk 0:20:06]} 35. Nd4
{[%clk 0:00:34]} Bh2+ {[%clk 0:20:07]} 36. Kxh2 {[%clk 0:01:02]} Rxd4
{[%clk 0:20:32]} 37. Rxc6 {[%clk 0:01:09]} Rxa4 {[%clk 0:20:58]} 38. Rec1
{[%clk 0:00:34]} g5 {[%clk 0:21:05]} 39. Bd3 {[%clk 0:00:41]} Rd4
{[%clk 0:20:54]} 40. R1c3 {[%clk 0:00:44]} a4 {[%clk 0:19:44]} 41. Ra6
{[%clk 0:00:39]} Rxd3 {[%clk 0:16:53]} 42. Rxd3 {[%clk 0:01:08]} Bc4
{[%clk 0:17:17]} 43. Rdd6 {[%clk 0:01:36]} Bxa6 {[%clk 0:17:42]} 44. Rxa6
{[%clk 0:02:04]} Rxe4 {[%clk 0:17:46]} 45. f3 {[%clk 0:01:56]} Rf4
{[%clk 0:16:54]} 46. g3 {[%clk 0:00:36]} Rb4 {[%clk 0:15:50]} 47. Rxh6
{[%clk 0:00:34]} Rb2+ {[%clk 0:16:06]} 48. Kg1 {[%clk 0:01:03]} a3
{[%clk 0:16:29]} 49. Ra6 {[%clk 0:01:27]} a2 {[%clk 0:16:55]} 50. Kh2 0-1

[Event "2nd Sharjah Masters International Chess Championship"]
[Site "Sharjah Culture & Chess Club"]
[Date "2018.04.15"]
[Round "5"]
[Board "27"]
[White "Iniyan, P"]
[Black "Zhu, Yilun"]
[Result "1-0"]
[WhiteElo "2466"]
[BlackElo "2195"]
[PlyCount "0"]
[EventDate "2018.04.12"]
[EventRounds "9"]
[EventCountry "UAE"]

1. d4 {[%clk 1:30:52]} Nf6 {[%clk 1:30:55]} 2. c4 {[%clk 1:31:15]} e6
{[%clk 1:31:22]} 3. a3 {[%clk 1:31:31]} d5 {[%clk 1:29:03]} 4. Nc3
{[%clk 1:28:48]} c5 {[%clk 1:25:47]} 5. e3 {[%clk 1:28:58]} a6 {[%clk 1:24:40]}
6. Nf3 {[%clk 1:29:08]} Nc6 {[%clk 1:24:57]} 7. h3 {[%clk 1:20:15]} dxc4
{[%clk 1:24:19]} 8. Bxc4 {[%clk 1:20:38]} b5 {[%clk 1:24:45]} 9. Ba2
{[%clk 1:20:50]} Bb7 {[%clk 1:23:10]} 10. O-O {[%clk 1:21:11]} Qc7
{[%clk 1:13:53]} 11. Qc2 {[%clk 1:11:34]} cxd4 {[%clk 1:13:28]} 12. exd4
{[%clk 1:11:56]} Rd8 {[%clk 1:13:44]} 13. d5 {[%clk 0:56:54]} Nxd5
{[%clk 1:13:54]} 14. Nxd5 {[%clk 0:46:04]} exd5 {[%clk 1:14:18]} 15. Bg5
{[%clk 0:46:17]} f6 {[%clk 1:12:45]} 16. Bd2 {[%clk 0:45:18]} Bd6
{[%clk 1:05:47]} 17. Rac1 {[%clk 0:35:11]} Qf7 {[%clk 0:55:27]} 18. Rfe1+
{[%clk 0:34:53]} Ne5 {[%clk 0:46:27]} 19. Ba5 {[%clk 0:35:13]} O-O
{[%clk 0:37:10]} 20. Nxe5 {[%clk 0:35:32]} fxe5 {[%clk 0:37:33]} 21. Bxd8
{[%clk 0:35:52]} Rxd8 {[%clk 0:38:01]} 22. Qd2 {[%clk 0:31:11]} Bc7
{[%clk 0:35:34]} 23. Rc3 {[%clk 0:30:08]} Kh8 {[%clk 0:33:49]} 24. Rd3
{[%clk 0:30:31]} h6 {[%clk 0:23:37]} 25. Rd1 {[%clk 0:28:00]} Bb6
{[%clk 0:22:47]} 26. Bxd5 {[%clk 0:23:02]} Bxd5 {[%clk 0:23:13]} 27. Rxd5
{[%clk 0:23:20]} Rf8 {[%clk 0:23:41]} 28. Rf1 {[%clk 0:08:10]} e4
{[%clk 0:22:43]} 29. Re5 {[%clk 0:07:58]} e3 {[%clk 0:22:41]} 30. Rxe3
{[%clk 0:08:21]} Bxe3 {[%clk 0:23:07]} 31. Qxe3 {[%clk 0:08:46]} Re8
{[%clk 0:22:50]} 32. Qd3 {[%clk 0:08:35]} Qf6 {[%clk 0:21:39]} 33. Qc2
{[%clk 0:09:00]} a5 {[%clk 0:19:30]} 34. Rd1 {[%clk 0:08:54]} b4 {[%clk 0:18:52]}
35. Rd3 {[%clk 0:08:22]} bxa3 {[%clk 0:19:00]} 36. bxa3 {[%clk 0:08:27]} Rf8
{[%clk 0:16:34]} 37. Qd2 {[%clk 0:07:46]} Qb6 {[%clk 0:16:15]} 38. Qe3
{[%clk 0:07:36]} Qb1+ {[%clk 0:16:34]} 39. Kh2 {[%clk 0:08:01]} Qb8+
{[%clk 0:16:51]} 40. Qg3 {[%clk 0:07:15]} Qb5 {[%clk 0:16:26]} 41. Rc3
{[%clk 0:07:14]} Qb2 {[%clk 0:14:28]} 42. Rc7 {[%clk 0:07:37]} Qd4
{[%clk 0:14:47]} 43. Rc2 {[%clk 0:05:51]} Qe4 {[%clk 0:14:07]} 44. Rd2
{[%clk 0:06:06]} Qe6 {[%clk 0:13:52]} 45. Qc3 {[%clk 0:05:40]} Qf5
{[%clk 0:13:30]} 46. Qg3 {[%clk 0:05:50]} Qe6 {[%clk 0:12:33]} 47. Rd4
{[%clk 0:06:13]} Qe7 {[%clk 0:12:05]} 48. Rg4 {[%clk 0:06:28]} Rd8
{[%clk 0:12:00]} 49. Qc3 {[%clk 0:06:41]} Rd5 {[%clk 0:11:23]} 50. Rc4
{[%clk 0:06:45]} Qd6+ {[%clk 0:10:00]} 51. g3 {[%clk 0:06:59]} Rf5
{[%clk 0:09:25]} 52. Rc8+ {[%clk 0:06:38]} Rf8 {[%clk 0:09:33]} 53. f4
{[%clk 0:06:52]} a4 {[%clk 0:09:11]} 54. Rc6 {[%clk 0:07:15]} Qd5
{[%clk 0:09:14]} 55. Rxh6+ {[%clk 0:07:38]} Kg8 {[%clk 0:09:42]} 56. Rb6
{[%clk 0:07:32]} Re8 {[%clk 0:09:58]} 57. Rb2 {[%clk 0:07:08]} Qd1
{[%clk 0:09:33]} 58. Qc4+ {[%clk 0:06:09]} Kh8 {[%clk 0:09:49]} 59. f5
{[%clk 0:06:33]} Qf3 {[%clk 0:09:38]} 60. Qg4 {[%clk 0:06:58]} Qe3
{[%clk 0:09:32]} 61. Qh4+ {[%clk 0:07:06]} Kg8 {[%clk 0:09:57]} 62. Qxa4
{[%clk 0:07:17]} Kh7 {[%clk 0:09:39]} 63. Qh4+ {[%clk 0:05:58]} Kg8
{[%clk 0:10:08]} 64. Qc4+ {[%clk 0:06:03]} Kh8 {[%clk 0:10:26]} 65. Qf7
{[%clk 0:05:56]} Rd8 {[%clk 0:10:15]} 66. h4 {[%clk 0:04:51]} Qxa3
{[%clk 0:09:45]} 67. Rf2 {[%clk 0:05:09]} Qe3 {[%clk 0:08:57]} 68. Qh5+
{[%clk 0:05:33]} Kg8 {[%clk 0:09:24]} 69. Qf3 {[%clk 0:05:54]} Qxf3
{[%clk 0:06:58]} 70. Rxf3 {[%clk 0:06:13]} Kf7 {[%clk 0:07:27]} 71. Kh3
{[%clk 0:06:33]} Rd4 {[%clk 0:07:53]} 72. Rf4 {[%clk 0:06:56]} Rd5
{[%clk 0:08:04]} 73. Kg4 {[%clk 0:07:21]} Kf6 {[%clk 0:08:32]} 74. Ra4
{[%clk 0:07:44]} Rd6 {[%clk 0:08:58]} 75. Re4 {[%clk 0:07:38]} Rd3
{[%clk 0:09:04]} 76. Re6+ {[%clk 0:08:00]} Kf7 {[%clk 0:09:32]} 77. Kf4
{[%clk 0:08:23]} Rd4+ {[%clk 0:09:48]} 78. Kg5 {[%clk 0:08:46]} Ra4
{[%clk 0:09:49]} 79. g4